Normal view
MARC view
Entry Personal Name
Number of records used in: 151
001 - CONTROL NUMBER
- control field: 1465
003 - CONTROL NUMBER IDENTIFIER
- control field: TR-AnCHP
005 - DATE AND TIME OF LATEST TRANSACTION
- control field: 20190110165447.0
008 - FIXED-LENGTH DATA ELEMENTS
- fixed length control field: 1901101016n|cannaabn |n|d ||
040 ## - CATALOGING SOURCE
- Original cataloging agency: TR-AnCHP
100 10 - HEADING--PERSONAL NAME
- Personal name: Atatürk, Gazi Mustafa Kemal
- Dates associated with a name: 1881-1938
670 ## - SOURCE DATA FOUND
- Source citation: Atatürk, Gazi Mustafa Kemal1881-1938.
- Information found: Atatürk'ün ölmez sözleriMustafa Kemal Atatürk
